| 000 | 00424cam a2200181ua 4500 | ||
|---|---|---|---|
| 020 | _c10/- | ||
| 041 |
_ahin _h |
||
| 082 |
_a891.54 _bKAN/TA |
||
| 100 | _aKanhaiyalal, Maniklal . | ||
| 245 | 0 | 0 |
_aTapaswini / _cKanhainayil. _hTextual Documents |
| 260 |
_a : _bRajkamal prakashan , _c1963. |
||
| 300 | _a375 ; . | ||
| 365 | _a10/- | ||
| 504 | _a | ||
| 700 | 1 | _aMunshi, . | |
| 942 | _cBK | ||
| 999 |
_c11663 _d11663 |
||